| 000 | 00901nmm a2200337 a 4500 | ||
|---|---|---|---|
| 003 | AR-BaBNM | ||
| 005 | 20251128205002.0 | ||
| 008 | 011101s1982 ||||||||||||||000 | spa|| | ||
| 020 | _a950-03-8370-5 | ||
| 040 | _cAR-BaBNM | ||
| 100 | 0 | _aJesualdo | |
| 245 | 1 | 0 |
_aLa literatura infantil _bensayo sobre ética, estética y psicopedagogía de la literatura infantil |
| 250 | _a8ª ed. | ||
| 260 |
_aBuenos Aires _bLosada _c1982 |
||
| 300 | 0 | _a243 p. | |
| 500 | 0 | _aContiene advertencia de la primera edición | |
| 650 | 4 | _aLITERATURA INFANTIL | |
| 650 | 4 | _aCREATIVIDAD | |
| 650 | 4 | _aLITERATURA POPULAR | |
| 650 | 4 | _aLEYENDAS | |
| 650 | 4 | _aPOESIA | |
| 650 | 4 | _aCUENTOS DE HADAS | |
| 650 | 4 | _aANALISIS LITERARIO | |
| 650 | 4 | _aCRITICA LITERARIA | |
| 650 | 4 | _aVALORES MORALES | |
| 650 | 4 | _aENSAYO | |
| 653 | 0 | _aHISTORIETAS | |
| 655 | _aLITERATURA | ||
| 942 | _cBK | ||
| 998 | _claura | ||
| 999 |
_c9587 _d9587 |
||